000 00920nam a22002772 4500
001 20917
003 BD-RjUL
005 20211209000628.0
008 140302s1982 caua b 001 0beng
020 _a0804710910
035 _a(BD-RjUL)20979
040 _aDLC
_cDLC
_dBD-RjUL
_beng
041 _aeng
082 0 0 _a822.912
_219
100 1 _aSilver, Arnold .
_d1927-
_qArnold Silver.
_964605
245 1 0 _aBernard Shaw, the darker side /
_cArnold Silver.
260 _aStanford, Calif. :
_bStanford University Press,
_c1982.
300 _axii, 353 p. :
_bill. ;
_c24 cm.
504 _aIncludes bibliographical references and index.
600 1 0 _aShaw, Bernard,
_d1856-1950
_xCriticism and interpretation.
_964621
600 1 0 _aShaw, Bernard,
_d1856-1950
_xPsychology.
_964622
650 0 _aDramatists, Irish
_y20th century
_vBiography.
_964608
942 _2ddc
_cBK
999 _c20917
_d20917